Top 10 des joueurs avec la plus grosse VA en fin de carrière. - Statistiques

Statistiques générales
  • Ce quiz a été pris 78 fois
  • Le résultat moyen est 5 sur 10
Statistiques - réponses
Valeur marchande (Millions) Nationalité Dernier club Joueur % Correct
12.5 France Real Madrid Zinedine Zidane
84%
10 Allemagne Real Madrid Toni Kroos
82%
20 France Como 1907 Raphaël Varane
77%
9 République Tchèque Juventus FC Pavel Nedvěd
66%
11 Allemagne Bayern Munich Philipp Lahm
53%
10 Espagne Liverpool FC Thiago Alcântara
50%
15 Argentine FC Barcelone Sergio Agüero
34%
18 Zambie Brighton & Hove Albion Enock Mwepu
3%
7.5 Angleterre Sunderland Adam Johnson
1%
8.5 Angleterre West Ham United Dean Ashton
0%
Aucun quiz correspondant
Distribution des résultats
% des personnes avec chaque résultat
Percentile par nombre de réponses
Votre historique - résultats
Vous n’avez pas pris ce quiz